Quotations, intertextual references, models and myths in the presidential debate of the Czech Parliament
| Titel: | Quotations, intertextual references, models and myths in the presidential debate of the Czech Parliament / Martina Berrocal |
|---|---|
| Verfasser: | |
| In: |
Zeitschrift für Slawistik, Band 61, Heft 1 (2016), Seite 119-138 alle Artikel anzeigen |
| Veröffentlicht: | 2016 |
| Format: | Aufsatz |
| Sprache: | Englisch |
X
alg: 42656226 001A $03025:20-02-18 001B $06050:24-06-21 $t10:06:06.000 001C $03025:20-02-18 $t16:26:58.000 001D $03025:20-02-18 001U $0utf8 001X $00 002@ $0Oou 002C $aText $btxt $2rdacontent 002D $aComputermedien $bc $2rdamedia 002E $aOnline-Ressource $bcr $2rdacarrier 003@ $0426562267 004P $010.1515/slaw-2016-0007 007A $0426562267 $aHEB 010@ $aeng 010E $erda 011@ $a2016 021A $aQuotations, intertextual references, models and myths in the presidential debate of the Czech Parliament $hMartina Berrocal 028A $BVerfasser $4aut $71153033356 $8Berrocal, Martina [Tp3] $942655339X 031A $d61 $e1 $h119-138 $j2016 039B $aEnthalten in $8--Obvc--. Zeitschrift für Slawistik. - Berlin : De Gruyter, 1956-. - Online-Ressource. - ISSN 2196-7016 $x201600000610001881 $9201613530 044K $RBöhmische Länder $RČeská SR $RTschechoslowakei $#Tschechien $#Tschechische Republik $#Tschechische Republik $#Tschechenland $#Tschechei Tschechien $#Česká Republika $#Czech Republic $#ČR $74303381-7 $8Tschechien [Tg1] $9086659812 044K $RPolitische Auseinandersetzung $#Legislative bodies Freedom of debate $#Parlements Liberté de parole $#Parlamentsdebatte $#Debatte Parlament $74173376-9 $8Parlamentsdebatte [Ts1] $9085804576 044K $RPolitisches System $#Political culture $#Culture politique $#Cultura politica $#Cultura política $#Politische Kultur $#politische Kultur $74046540-8 $8Politische Kultur [Ts1] $9085129917 044K $RWahl $#Presidents Election $#Présidents Élection $#Elezioni presidenziali $#Präsidentschaftswahl $#Präsidentschaftswahl $#Präsident Wahl $#Präsidentschaftswahl $#Staatspräsidentenwahl $74047020-9 $8Präsidentenwahl [Ts1] $9085131180 045R $aGeschichte 2008 045T $a7,41 045T $aSLAW $qDE-1a $2FID lok: 42656226 78 exp: 42656226 78 1 #EPN 201B/01 $020-02-18 $t16:26:19.000 201C/01 $020-02-18 201U/01 $0utf8 203@/01 $01018353860 208@/01 $a20-02-18 $be 209A/01 $a/ $f000 $x00 209A/01 $ab*p $x01 220C/01 $apgar 244Z/01 $#Böhmische Kronländer $#Länder der Böhmischen Krone $#Sudetenland $#Böhmen $#Mähren $#Mährisch-Schlesien $#Österreichisch-Schlesien $#Tschechische Sozialistische Republik Böhmische Länder $#Tschechei Böhmische Länder $#Země koruny české $74069573-6 $8--Tg1--Böhmische Länder $x01 $9085195553 247C/01 $82080>Marburg/Lahn, Herder-Institut, Forschungsbibliothek, Bibliographieportal $9336309341
| LEADER | 00000caa a2200000 c 4500 | ||
|---|---|---|---|
| 001 | 426562267 | ||
| 003 | DE-603 | ||
| 005 | 20210624100606.0 | ||
| 007 | cr|||||||||||| | ||
| 008 | 180220s2016 xx |||| o| u00||u|eng c | ||
| 024 | 7 | |a 10.1515/slaw-2016-0007 |2 doi | |
| 035 | |a (DE-599)HEB426562267 | ||
| 040 | |a DE-603 |b ger |c DE-603 |d DE-603 |e rda | ||
| 041 | |a eng | ||
| 084 | |a 7,41 |2 ssgn | ||
| 084 | |a SLAW |q DE-1a |2 fid | ||
| 100 | 1 | |a Berrocal, Martina |e Verfasser |4 aut |0 (DE-603)42655339X |0 (DE-588)1153033356 |2 gnd | |
| 245 | 0 | 0 | |a Quotations, intertextual references, models and myths in the presidential debate of the Czech Parliament |c Martina Berrocal |
| 264 | 0 | |c 2016 | |
| 336 | |a Text |b txt |2 rdacontent | ||
| 337 | |a Computermedien |b c |2 rdamedia | ||
| 338 | |a Online-Ressource |b cr |2 rdacarrier | ||
| 648 | 7 | |a Geschichte 2008 |2 gnd | |
| 650 | 7 | |a Parlamentsdebatte |0 (DE-588)4173376-9 |0 (DE-603)085804576 |2 gnd | |
| 650 | 7 | |a Politische Kultur |0 (DE-588)4046540-8 |0 (DE-603)085129917 |2 gnd | |
| 650 | 7 | |a Präsidentenwahl |0 (DE-588)4047020-9 |0 (DE-603)085131180 |2 gnd | |
| 651 | 7 | |a Tschechien |0 (DE-588)4303381-7 |0 (DE-603)086659812 |2 gnd | |
| 773 | 0 | 8 | |i Enthalten in |t Zeitschrift für Slawistik |d Berlin : De Gruyter, 1956- |h Online-Ressource |x 2196-7016 |g Band 61, Heft 1 (2016), Seite 119-138 |w (DE-603)201613530 |w (DE-600)2434774-7 |
| 924 | 1 | |9 2080 |a (DE-603)1018353860 |b DE-2080 |c HES |d d |g / | |


